Statistics for Largest cities by population in the Arab world

Click here to take the quiz!

General Stats

  • This quiz has been taken 69 times
  • The average score is 7 of 10

Answer Stats

PopAnswer% Correct
17.8millCairo
95%
3.5millAlexandria
94%
5.9millRiyadh
92%
3.8millDamascus
89%
9millBaghdad
86%
4.0millAmman
80%
4.7millCasablanca
71%
5.3millJeddah
68%
5.2millDammam
25%
3.5millShubra Al Khaymah
0%

Score Distribution

Percentile by Number Answered

Percent of People with Each Score

Your Score History

You have not taken this quiz